| 000 | 00780nam a2200181Ia 4500 | ||
|---|---|---|---|
| 008 | 151018s9999 xx 000 0 und d | ||
| 082 |
_bRBASDV34569 _a925 |
||
| 100 | _aपंडित विद्यासागर | ||
| 245 | _aथार शास्त्रज्ञ आल्बर्ट आईस्टाइन | ||
| 250 | _b1 | ||
| 260 |
_bअमोल प्रकाशन मुंबई _c2000 |
||
| 300 | _a24 | ||
| 600 | _aपंडित विद्यासागर | ||
| 630 | _aथार शास्त्रज्ञ आल्बर्ट आईस्टाइन | ||
| 700 | _aपंडित विद्यासागर | ||
| 730 | _aथार शास्त्रज्ञ आल्बर्ट आईस्टाइन | ||
| 942 | _cBOOK | ||
| 999 |
_c1034059 _d1034056 |
||